[Event "d12b"]
[Site "?"]
[Date "2020.08.30"]
[Round "1.1"]
[White "Szczotka, Klara"]
[Black "Gladyszewska, Kinga"]
[Result "1-0"]
[BlackElo "1124"]
[WhiteElo "1654"]
[LiveChessVersion "1.4.8"]

1. e4 {[%clk 0:03:03]} e5 {[%clk 0:03:03]} 2. Nf3 {[%clk 0:03:04]} Nc6
{[%clk 0:03:03]} 3. Bc4 {[%clk 0:03:05]} Bc5 {[%clk 0:02:50]} 4. c3
{[%clk 0:03:06]} Nf6 {[%clk 0:02:49]} 5. d3 {[%clk 0:03:06]} h6 {[%clk 0:02:48]}
6. Bb3 {[%clk 0:03:07]} d6 {[%clk 0:02:47]} 7. Nbd2 {[%clk 0:03:07]} O-O
{[%clk 0:02:45]} 8. h3 {[%clk 0:03:07]} Qe7 {[%clk 0:02:30]} 9. Nf1
{[%clk 0:03:07]} Be6 {[%clk 0:02:28]} 10. Bc2 {[%clk 0:03:07]} d5
{[%clk 0:02:21]} 11. Qe2 {[%clk 0:03:01]} Bd6 {[%clk 0:02:13]} 12. Ng3
{[%clk 0:03:00]} dxe4 {[%clk 0:01:50]} 13. dxe4 {[%clk 0:03:01]} Qd7
{[%clk 0:01:50]} 14. Be3 {[%clk 0:02:42]} Be7 {[%clk 0:01:36]} 15. Rd1
{[%clk 0:02:43]} Bd6 {[%clk 0:01:35]} 16. O-O {[%clk 0:02:41]} Rfd8
{[%clk 0:01:16]} 17. Nh4 {[%clk 0:02:16]} Ne7 {[%clk 0:01:16]} 18. Qf3
{[%clk 0:02:05]} Qc6 {[%clk 0:00:57]} 19. Bxh6 {[%clk 0:01:53]} Nh7
{[%clk 0:00:26]} 20. Be3 {[%clk 0:01:52]} Qe8 {[%clk 0:00:19]} 21. Qe2
{[%clk 0:01:24]} Nf6 {[%clk 0:00:19]} 22. Bg5 {[%clk 0:01:16]} Nh7
{[%clk 0:00:19]} 23. Bxe7 Qxe7 {[%clk 0:00:18]} 24. Nhf5 {[%clk 0:01:18]} Bxf5
{[%clk 0:00:13]} 25. Nxf5 {[%clk 0:01:19]} Qf6 {[%clk 0:00:13]} 26. Rd2
{[%clk 0:01:07]} Be7 {[%clk 0:00:10]} 27. Rfd1 {[%clk 0:01:08]} Rxd2
{[%clk 0:00:05]} 28. Qxd2 {[%clk 0:01:07]} Ng5 {[%clk 0:00:04]} 29. Nxe7+
{[%clk 0:01:03]} Qxe7 {[%clk 0:00:05]} 30. Qd7 {[%clk 0:00:59]} Qxd7 31. Rxd7
{[%clk 0:01:00]} Rc8 {[%clk 0:00:06]} 32. h4 {[%clk 0:00:55]} Ne6
{[%clk 0:00:06]} 33. Rd2 {[%clk 0:00:54]} Nc5 {[%clk 0:00:05]} 34. b4
{[%clk 0:00:54]} Ne6 {[%clk 0:00:04]} 35. g3 {[%clk 0:00:54]} Kf8
{[%clk 0:00:04]} 36. Ba4 {[%clk 0:00:53]} c6 {[%clk 0:00:03]} 37. Bb3
{[%clk 0:00:53]} Nc7 {[%clk 0:00:04]} 38. Kg2 {[%clk 0:00:50]} Ke7
{[%clk 0:00:05]} 39. a4 {[%clk 0:00:51]} Na6 {[%clk 0:00:05]} 40. Bc4
{[%clk 0:00:51]} Nc7 {[%clk 0:00:06]} 41. Be2 {[%clk 0:00:47]} Rh8
{[%clk 0:00:05]} 42. Bg4 {[%clk 0:00:46]} Rd8 {[%clk 0:00:04]} 43. Rxd8
{[%clk 0:00:45]} Kxd8 {[%clk 0:00:05]} 44. f4 {[%clk 0:00:46]} Na6 45. fxe5
{[%clk 0:00:44]} Nc7 {[%clk 0:00:04]} 46. Kf3 {[%clk 0:00:45]} Ke7
{[%clk 0:00:05]} 47. Kf4 {[%clk 0:00:45]} Ne8 {[%clk 0:00:04]} 48. Bc8
{[%clk 0:00:44]} b6 {[%clk 0:00:05]} 49. Bg4 {[%clk 0:00:42]} Nc7
{[%clk 0:00:06]} 50. h5 {[%clk 0:00:41]} Ne8 {[%clk 0:00:04]} 51. Bf5
{[%clk 0:00:42]} Nc7 {[%clk 0:00:04]} 52. g4 {[%clk 0:00:43]} Ne8
{[%clk 0:00:03]} 53. g5 {[%clk 0:00:43]} Kf8 {[%clk 0:00:04]} 54. e6
{[%clk 0:00:43]} Nc7 {[%clk 0:00:04]} 55. exf7 {[%clk 0:00:43]} Kxf7
{[%clk 0:00:05]} 56. h6 {[%clk 0:00:37]} gxh6 {[%clk 0:00:04]} 57. gxh6
{[%clk 0:00:37]} Ne8 {[%clk 0:00:04]} 58. Kg5 {[%clk 0:00:38]} Kg8
{[%clk 0:00:04]} 59. e5 {[%clk 0:00:37]} Nc7 {[%clk 0:00:04]} 60. Kg6
{[%clk 0:00:35]} Ne8 {[%clk 0:00:04]} 61. Bd7 {[%clk 0:00:35]} Nc7
{[%clk 0:00:04]} 62. e6 {[%clk 0:00:36]} c5 {[%clk 0:00:03]} 63. e7
{[%clk 0:00:35]} cxb4 {[%clk 0:00:04]} 64. cxb4 {[%clk 0:00:37]} a6
{[%clk 0:00:04]} 65. e8=Q+ {[%clk 0:00:36]} Nxe8 {[%clk 0:00:05]} 66. Bxe8
{[%clk 0:00:37]} a5 {[%clk 0:00:06]} 67. bxa5 {[%clk 0:00:37]} bxa5
{[%clk 0:00:07]} 68. Bb5 {[%clk 0:00:38]} Kh8 {[%clk 0:00:05]} 69. Kg5
{[%clk 0:00:34]} Kh7 {[%clk 0:00:05]} 70. Bc4 {[%clk 0:00:35]} Kh8
{[%clk 0:00:05]} 71. Kf6 {[%clk 0:00:33]} Kh7 {[%clk 0:00:06]} 72. Ke6
{[%clk 0:00:34]} Kxh6 73. Kd6 Kg7 {[%clk 0:00:06]} 74. Kc6 {[%clk 0:00:36]} Kf8
{[%clk 0:00:08]} 75. Kb6 {[%clk 0:00:38]} Ke7 {[%clk 0:00:09]} 76. Kxa5
{[%clk 0:00:39]} Kd8 {[%clk 0:00:10]} 77. Kb6 {[%clk 0:00:40]} Kc8
{[%clk 0:00:12]} 78. Bd5 {[%clk 0:00:40]} Kb8 79. a5 Kc8 {[%clk 0:00:09]} 80. a6
{[%clk 0:00:42]} Kb8 {[%clk 0:00:06]} 81. a7+ {[%clk 0:00:43]} Kc8
{[%clk 0:00:07]} 82. a8=Q+ {[%clk 0:00:43]} Kd7 {[%clk 0:00:08]} 83. Qc6+
{[%clk 0:00:44]} Ke7 {[%clk 0:00:10]} 84. Qe6+ {[%clk 0:00:45]} Kf8
{[%clk 0:00:11]} 85. Qh6+ {[%clk 0:00:45]} Ke7 {[%clk 0:00:11]} 86. Bh1
{[%clk 0:00:44]} Kf7 {[%clk 0:00:11]} 87. Kc6 {[%clk 0:00:42]} Ke7
{[%clk 0:00:12]} 88. Kd5 {[%clk 0:00:44]} Kf7 {[%clk 0:00:13]} 89. Ke5
{[%clk 0:00:44]} Ke7 {[%clk 0:00:13]} 90. Qd6+ {[%clk 0:00:45]} Kf7
{[%clk 0:00:14]} 91. Qe6+ {[%clk 0:00:45]} Kg7 {[%clk 0:00:14]} 92. Qf6+
{[%clk 0:00:46]} Kh7 {[%clk 0:00:15]} 93. Qg5 {[%clk 0:00:46]} Kh8
{[%clk 0:00:16]} 94. Kf6 {[%clk 0:00:46]} Kh7 {[%clk 0:00:18]} 95. Be4+
{[%clk 0:00:47]} Kh8 {[%clk 0:00:18]} 96. Qg7# {[%clk 0:00:48]} 1-0

[Event "d12b"]
[Site "?"]
[Date "2020.08.30"]
[Round "1.2"]
[White "Leks, Emilia"]
[Black "Natoli, Alessia"]
[Result "0-1"]
[BlackElo "1302"]
[WhiteElo "1122"]
[LiveChessVersion "1.4.8"]

1. d4 {[%clk 0:03:02]} Nf6 {[%clk 0:03:02]} 2. c4 {[%clk 0:03:03]} g6
{[%clk 0:03:03]} 3. Bg5 {[%clk 0:03:04]} Bg7 {[%clk 0:03:02]} 4. Nc3
{[%clk 0:03:05]} d6 {[%clk 0:03:00]} 5. Nf3 {[%clk 0:03:06]} O-O {[%clk 0:02:54]}
6. e3 {[%clk 0:03:07]} Nbd7 {[%clk 0:02:49]} 7. Be2 {[%clk 0:03:08]} c6
{[%clk 0:02:41]} 8. O-O {[%clk 0:03:07]} Qc7 {[%clk 0:02:35]} 9. Qc2
{[%clk 0:03:08]} e5 {[%clk 0:02:26]} 10. Rfe1 {[%clk 0:03:02]} Nh5
{[%clk 0:02:03]} 11. Rad1 {[%clk 0:02:49]} Re8 {[%clk 0:02:03]} 12. h3
{[%clk 0:02:21]} f5 {[%clk 0:02:01]} 13. b3 {[%clk 0:01:40]} Nhf6
{[%clk 0:01:51]} 14. Bh4 {[%clk 0:01:23]} b6 {[%clk 0:01:47]} 15. Bg5
{[%clk 0:01:23]} Bb7 {[%clk 0:01:48]} 16. Qb2 {[%clk 0:01:04]} Rac8
{[%clk 0:01:30]} 17. d5 {[%clk 0:00:55]} cxd5 {[%clk 0:01:23]} 18. cxd5
{[%clk 0:00:55]} Qxc3 {[%clk 0:01:21]} 19. Qxc3 {[%clk 0:00:54]} Rxc3
{[%clk 0:01:21]} 20. Rc1 {[%clk 0:00:45]} Rec8 {[%clk 0:01:22]} 21. Rcd1
{[%clk 0:00:43]} a6 {[%clk 0:01:20]} 22. Bf1 {[%clk 0:00:34]} b5 {[%clk 0:01:21]}
23. Nh2 {[%clk 0:00:27]} Bxd5 {[%clk 0:01:17]} 24. f3 {[%clk 0:00:24]} h6
{[%clk 0:01:16]} 25. Bh4 Bb7 {[%clk 0:01:01]} 26. Bf2 {[%clk 0:00:22]} d5
{[%clk 0:00:58]} 27. Kh1 {[%clk 0:00:19]} e4 {[%clk 0:00:54]} 28. f4
{[%clk 0:00:20]} Rc2 {[%clk 0:00:52]} 29. Kg1 {[%clk 0:00:20]} Rxa2
{[%clk 0:00:51]} 30. b4 {[%clk 0:00:20]} Rcc2 {[%clk 0:00:51]} 31. Bg3
{[%clk 0:00:13]} Nh5 {[%clk 0:00:49]} 32. Bh4 {[%clk 0:00:07]} Bf6
{[%clk 0:00:45]} 33. Bxf6 {[%clk 0:00:07]} Ndxf6 {[%clk 0:00:45]} 34. Kh1
{[%clk 0:00:06]} Kf7 {[%clk 0:00:44]} 35. Kg1 {[%clk 0:00:07]} Ke6
{[%clk 0:00:45]} 36. Kh1 {[%clk 0:00:08]} Kd6 {[%clk 0:00:47]} 37. Kg1
{[%clk 0:00:09]} Kc6 {[%clk 0:00:47]} 38. Kh1 {[%clk 0:00:10]} Kb6
{[%clk 0:00:49]} 39. Kg1 {[%clk 0:00:11]} a5 {[%clk 0:00:49]} 40. bxa5+
{[%clk 0:00:11]} Kxa5 {[%clk 0:00:49]} 41. Kh1 {[%clk 0:00:12]} Kb6
{[%clk 0:00:49]} 42. Kg1 {[%clk 0:00:13]} b4 {[%clk 0:00:49]} 43. Rb1
{[%clk 0:00:14]} Ka5 {[%clk 0:00:50]} 44. Kh1 {[%clk 0:00:15]} Ka4
{[%clk 0:00:46]} 45. Kg1 {[%clk 0:00:11]} b3 {[%clk 0:00:46]} 46. Bb5+
{[%clk 0:00:09]} Kxb5 {[%clk 0:00:45]} 47. Rxb3+ {[%clk 0:00:09]} Kc6
{[%clk 0:00:45]} 48. Reb1 {[%clk 0:00:09]} Rxg2+ {[%clk 0:00:42]} 49. Kh1
{[%clk 0:00:08]} Rxh2+ {[%clk 0:00:42]} 50. Kg1 {[%clk 0:00:09]} Rag2+
{[%clk 0:00:36]} 51. Kf1 {[%clk 0:00:10]} Ng3+ {[%clk 0:00:36]} 52. Ke1
{[%clk 0:00:10]} Rh1# 0-1

[Event "d12b"]
[Site "?"]
[Date "2020.08.30"]
[Round "1.3"]
[White "Wojs, Alicja"]
[Black "Predkiewicz, Paulina"]
[Result "1-0"]
[BlackElo "1117"]
[WhiteElo "1285"]
[LiveChessVersion "1.4.8"]

1. e4 {[%clk 0:03:04]} e5 2. Nf3 Nc6 3. d4 exd4 {[%clk 0:03:05]} 4. Nxd4
{[%clk 0:03:07]} Bc5 {[%clk 0:03:05]} 5. Nxc6 {[%clk 0:03:08]} dxc6
{[%clk 0:03:05]} 6. Qxd8+ {[%clk 0:03:09]} Kxd8 {[%clk 0:03:05]} 7. Bg5+
{[%clk 0:03:09]} f6 {[%clk 0:03:05]} 8. Bf4 {[%clk 0:03:11]} Bg4 {[%clk 0:03:01]}
9. Nc3 {[%clk 0:03:11]} Ne7 {[%clk 0:02:58]} 10. f3 {[%clk 0:03:12]} Be6
{[%clk 0:02:57]} 11. O-O-O+ {[%clk 0:03:12]} Kc8 {[%clk 0:02:56]} 12. Be2
{[%clk 0:03:10]} b6 {[%clk 0:02:56]} 13. Na4 {[%clk 0:03:11]} Kb7
{[%clk 0:02:55]} 14. Nxc5+ {[%clk 0:03:11]} bxc5 {[%clk 0:02:53]} 15. Rd2
{[%clk 0:03:12]} Rad8 {[%clk 0:02:51]} 16. Rhd1 {[%clk 0:03:13]} Rxd2
{[%clk 0:02:44]} 17. Rxd2 {[%clk 0:03:14]} Ng6 {[%clk 0:02:37]} 18. Be3
{[%clk 0:03:14]} Kb6 {[%clk 0:02:29]} 19. Kb1 {[%clk 0:03:14]} f5
{[%clk 0:01:54]} 20. exf5 {[%clk 0:02:57]} Bxf5 {[%clk 0:01:54]} 21. Bf2
{[%clk 0:02:47]} Re8 {[%clk 0:01:27]} 22. b3 {[%clk 0:02:46]} Re7
{[%clk 0:01:22]} 23. Bg3 {[%clk 0:02:43]} Bc8 {[%clk 0:01:16]} 24. Bc4
{[%clk 0:02:37]} Ba6 {[%clk 0:01:10]} 25. Bxa6 {[%clk 0:02:23]} Kxa6
{[%clk 0:01:11]} 26. Bf2 {[%clk 0:02:23]} Kb5 {[%clk 0:01:07]} 27. Kb2
{[%clk 0:02:21]} Nf4 {[%clk 0:00:58]} 28. Bg3 {[%clk 0:02:11]} Ng6
{[%clk 0:00:51]} 29. Rd8 {[%clk 0:01:47]} Kb6 {[%clk 0:00:48]} 30. Rb8+
{[%clk 0:01:46]} Ka6 {[%clk 0:00:49]} 31. Rc8 {[%clk 0:01:42]} Kb7
{[%clk 0:00:48]} 32. Rd8 {[%clk 0:01:42]} Rf7 {[%clk 0:00:44]} 33. Kc1
{[%clk 0:01:41]} Re7 {[%clk 0:00:44]} 34. Kd2 {[%clk 0:01:42]} Rf7
{[%clk 0:00:43]} 35. Rd3 {[%clk 0:01:38]} Re7 {[%clk 0:00:43]} 36. Kd1
{[%clk 0:01:30]} Rf7 {[%clk 0:00:27]} 37. Rc3 {[%clk 0:01:30]} Rd7+
{[%clk 0:00:27]} 38. Ke2 {[%clk 0:01:31]} Re7+ {[%clk 0:00:28]} 39. Kf1
{[%clk 0:01:32]} Rd7 {[%clk 0:00:23]} 40. Rxc5 {[%clk 0:01:29]} Rd1+
{[%clk 0:00:24]} 41. Ke2 Ra1 {[%clk 0:00:23]} 42. a4 {[%clk 0:01:30]} Rg1
{[%clk 0:00:23]} 43. Kf2 {[%clk 0:01:29]} Rd1 {[%clk 0:00:21]} 44. Rc3
{[%clk 0:01:28]} Rd7 {[%clk 0:00:19]} 45. Ke2 {[%clk 0:01:26]} Ne7
{[%clk 0:00:18]} 46. Rd3 {[%clk 0:01:21]} Nd5 {[%clk 0:00:18]} 47. c4
{[%clk 0:01:14]} Nf6 {[%clk 0:00:20]} 48. Rxd7 {[%clk 0:01:15]} Nxd7
{[%clk 0:00:21]} 49. Kd3 {[%clk 0:01:16]} Nc5+ {[%clk 0:00:21]} 50. Kc3
{[%clk 0:01:17]} a5 {[%clk 0:00:19]} 51. Bf2 {[%clk 0:01:16]} Na6
{[%clk 0:00:16]} 52. Kd4 {[%clk 0:01:11]} Nb4 {[%clk 0:00:16]} 53. Ke5
{[%clk 0:01:10]} Kc8 {[%clk 0:00:16]} 54. Ke6 {[%clk 0:01:08]} Kd8
{[%clk 0:00:16]} 55. Kf7 {[%clk 0:01:09]} g5 {[%clk 0:00:12]} 56. Be3
{[%clk 0:01:09]} h6 {[%clk 0:00:12]} 57. Kg6 {[%clk 0:01:11]} Ke8
{[%clk 0:00:08]} 58. Kxh6 {[%clk 0:01:11]} Kf7 {[%clk 0:00:09]} 59. Bxg5
{[%clk 0:01:12]} Ke6 {[%clk 0:00:10]} 60. Bf4 {[%clk 0:01:12]} Kd7
{[%clk 0:00:09]} 61. g4 {[%clk 0:01:13]} c5 {[%clk 0:00:10]} 62. g5
{[%clk 0:01:13]} c6 {[%clk 0:00:11]} 63. g6 {[%clk 0:01:15]} Ke7 {[%clk 0:00:12]}
64. g7 {[%clk 0:01:15]} Nd3 {[%clk 0:00:11]} 65. g8=Q {[%clk 0:01:13]} Nxf4
{[%clk 0:00:11]} 66. Qg5+ {[%clk 0:01:13]} Ke6 {[%clk 0:00:11]} 67. Qxf4
{[%clk 0:01:12]} Ke7 {[%clk 0:00:11]} 68. Qe5+ {[%clk 0:01:12]} Kd7
{[%clk 0:00:12]} 69. Qf6 {[%clk 0:01:12]} Ke8 {[%clk 0:00:12]} 70. Qg7
{[%clk 0:01:13]} Kd8 {[%clk 0:00:13]} 71. Qf7 {[%clk 0:01:13]} Kc8
{[%clk 0:00:14]} 72. Qe7 {[%clk 0:01:14]} Kb8 {[%clk 0:00:14]} 73. Qd7
{[%clk 0:01:16]} Ka8 {[%clk 0:00:16]} 74. Kg6 {[%clk 0:01:17]} Kb8
{[%clk 0:00:17]} 75. Kf6 {[%clk 0:01:18]} Ka8 {[%clk 0:00:19]} 76. Ke6
{[%clk 0:01:19]} Kb8 {[%clk 0:00:20]} 77. Kd6 Ka8 78. Kxc6 {[%clk 0:01:21]} Kb8
{[%clk 0:00:23]} 79. Qb7# {[%clk 0:01:22]} 1-0

[Event "d12b"]
[Site "?"]
[Date "2020.08.30"]
[Round "1.4"]
[White "Kulczycka, Zofia"]
[Black "Slusarczyk, Anna"]
[Result "1-0"]
[BlackElo "1267"]
[WhiteElo "1116"]
[LiveChessVersion "1.4.8"]

1. e4 c5 {[%clk 0:03:02]} 2. d4 {[%clk 0:03:04]} cxd4 {[%clk 0:03:02]} 3. c3
{[%clk 0:03:04]} dxc3 {[%clk 0:03:01]} 4. Nxc3 {[%clk 0:03:05]} Nc6
{[%clk 0:03:02]} 5. Nf3 {[%clk 0:03:04]} e6 {[%clk 0:03:02]} 6. Bc4
{[%clk 0:03:04]} a6 {[%clk 0:03:03]} 7. O-O {[%clk 0:03:02]} Qc7 {[%clk 0:03:02]}
8. Qe2 {[%clk 0:02:57]} Nf6 {[%clk 0:02:53]} 9. e5 {[%clk 0:02:56]} Ng8
{[%clk 0:02:16]} 10. Rd1 {[%clk 0:02:44]} Nge7 {[%clk 0:02:09]} 11. Bf4
{[%clk 0:02:43]} Ng6 {[%clk 0:02:06]} 12. Bg3 {[%clk 0:02:42]} Bc5
{[%clk 0:01:59]} 13. Bb3 {[%clk 0:02:24]} b5 {[%clk 0:01:59]} 14. Ne4
{[%clk 0:02:22]} Ncxe5 {[%clk 0:01:31]} 15. Nxe5 {[%clk 0:02:19]} Nxe5
{[%clk 0:01:32]} 16. Nxc5 {[%clk 0:02:18]} d6 {[%clk 0:00:24]} 17. Bxe5
{[%clk 0:02:16]} Qxc5 {[%clk 0:00:25]} 18. Bxd6 {[%clk 0:02:10]} Qg5
{[%clk 0:00:25]} 19. Ba3 {[%clk 0:02:00]} Bb7 {[%clk 0:00:24]} 20. f3
{[%clk 0:02:00]} h5 {[%clk 0:00:21]} 21. Qd2 {[%clk 0:01:54]} Bc6
{[%clk 0:00:20]} 22. Qxg5 {[%clk 0:01:54]} Rh7 {[%clk 0:00:10]} 23. Qe7#
{[%clk 0:01:55]} 1-0

[Event "d12b"]
[Site "?"]
[Date "2020.08.30"]
[Round "1.5"]
[White "Ziobrowska, Maja"]
[Black "Koperstynska, Inka"]
[Result "1-0"]
[BlackElo "1115"]
[WhiteElo "1266"]
[LiveChessVersion "1.4.8"]

1. e4 e5 2. Nf3 Nc6 3. Bc4 Bc5 4. c3 Nf6 5. d3 d5 6. exd5 Nxd5 7. O-O O-O 8. d4
exd4 9. cxd4 Bb4 10. Bg5 Qd7 11. Ne5 Qe6 1-0

[Event "d12b"]
[Site "?"]
[Date "2020.08.30"]
[Round "1.6"]
[White "Arabas, Hanna"]
[Black "Myslowska, Zofia"]
[Result "1-0"]
[BlackElo "1257"]
[WhiteElo "1111"]
[LiveChessVersion "1.4.8"]

1. e4 {[%clk 0:03:04]} e6 {[%clk 0:03:03]} 2. d4 {[%clk 0:03:05]} b6
{[%clk 0:03:04]} 3. Nf3 {[%clk 0:03:05]} Bb7 {[%clk 0:03:05]} 4. Nc3
{[%clk 0:03:07]} Nc6 {[%clk 0:03:06]} 5. Bd3 {[%clk 0:03:07]} Nf6
{[%clk 0:03:07]} 6. Be3 {[%clk 0:03:07]} Be7 {[%clk 0:03:08]} 7. O-O
{[%clk 0:03:08]} O-O {[%clk 0:03:09]} 8. Re1 {[%clk 0:03:04]} Ng4
{[%clk 0:03:07]} 9. h3 {[%clk 0:03:01]} Nxe3 {[%clk 0:03:07]} 10. Rxe3
{[%clk 0:03:01]} Bf6 {[%clk 0:03:07]} 11. Bb5 {[%clk 0:03:00]} Ne7
{[%clk 0:03:04]} 12. e5 {[%clk 0:03:00]} Nf5 {[%clk 0:02:58]} 13. Re1
{[%clk 0:02:52]} Be7 {[%clk 0:02:58]} 14. Bd3 {[%clk 0:02:45]} c5
{[%clk 0:02:45]} 15. dxc5 {[%clk 0:02:40]} bxc5 {[%clk 0:02:42]} 16. Be4
{[%clk 0:02:41]} Bxe4 {[%clk 0:02:40]} 17. Nxe4 {[%clk 0:02:42]} d5
{[%clk 0:02:20]} 18. Nc3 {[%clk 0:02:20]} d4 {[%clk 0:02:10]} 19. Ne4
{[%clk 0:02:21]} 1-0

[Event "d12b"]
[Site "?"]
[Date "2020.08.30"]
[Round "1.7"]
[White "Banasiak, Adrianna"]
[Black "Szczepanska, Jagoda"]
[Result "1-0"]
[BlackElo "1109"]
[WhiteElo "1235"]
[LiveChessVersion "1.4.8"]

1. d4 Nf6 {[%clk 0:03:02]} 2. Bg5 {[%clk 0:03:04]} g6 {[%clk 0:03:01]} 3. Bxf6
{[%clk 0:03:04]} exf6 {[%clk 0:03:01]} 4. e4 {[%clk 0:03:05]} Bg7
{[%clk 0:03:01]} 5. Nf3 {[%clk 0:03:04]} d6 {[%clk 0:03:00]} 6. c3
{[%clk 0:03:05]} f5 {[%clk 0:03:01]} 7. e5 {[%clk 0:02:35]} dxe5 {[%clk 0:02:54]}
8. Nxe5 {[%clk 0:02:34]} O-O {[%clk 0:02:53]} 9. Be2 {[%clk 0:02:30]} Nd7
{[%clk 0:02:53]} 10. Nxd7 {[%clk 0:02:31]} Bxd7 {[%clk 0:02:52]} 11. O-O
{[%clk 0:02:31]} Qg5 {[%clk 0:02:48]} 12. Qd2 {[%clk 0:02:27]} Qf6
{[%clk 0:02:13]} 13. Bf3 {[%clk 0:02:25]} c6 {[%clk 0:02:09]} 14. Na3
{[%clk 0:02:21]} Rfe8 {[%clk 0:02:05]} 15. Nc4 {[%clk 0:02:19]} Re7
{[%clk 0:01:40]} 16. Ne5 {[%clk 0:02:20]} Be6 {[%clk 0:01:35]} 17. Rfe1
{[%clk 0:01:53]} Rd8 {[%clk 0:01:35]} 18. Qc2 {[%clk 0:01:47]} f4
{[%clk 0:01:34]} 19. Bg4 {[%clk 0:01:39]} Bd5 {[%clk 0:01:20]} 20. c4
{[%clk 0:01:36]} Be6 {[%clk 0:01:16]} 21. Bxe6 {[%clk 0:01:37]} Rxe6
{[%clk 0:01:16]} 22. Rad1 {[%clk 0:01:30]} Qg5 {[%clk 0:01:11]} 23. Nf3
{[%clk 0:01:21]} Rxe1+ {[%clk 0:01:11]} 24. Rxe1 {[%clk 0:01:18]} Qf6
{[%clk 0:01:09]} 25. Qe4 {[%clk 0:01:05]} Qd6 {[%clk 0:00:53]} 26. Qe7
{[%clk 0:00:55]} Qxe7 {[%clk 0:00:50]} 27. Rxe7 {[%clk 0:00:55]} Bxd4 28. Rxb7
{[%clk 0:00:54]} Bc5 {[%clk 0:00:46]} 29. g3 {[%clk 0:00:52]} fxg3
{[%clk 0:00:46]} 30. hxg3 {[%clk 0:00:52]} Rd1+ {[%clk 0:00:47]} 31. Kg2
{[%clk 0:00:53]} Rb1 {[%clk 0:00:47]} 32. a3 {[%clk 0:00:46]} Rd1
{[%clk 0:00:45]} 33. b4 {[%clk 0:00:43]} Bb6 {[%clk 0:00:41]} 34. Rb8+
{[%clk 0:00:44]} Kg7 {[%clk 0:00:40]} 35. Rc8 {[%clk 0:00:45]} c5
{[%clk 0:00:30]} 36. bxc5 {[%clk 0:00:41]} Ba5 {[%clk 0:00:32]} 37. c6
{[%clk 0:00:42]} Rd3 {[%clk 0:00:29]} 38. Ne5 {[%clk 0:00:27]} Rxa3
{[%clk 0:00:27]} 39. Ra8 {[%clk 0:00:18]} Bb6 {[%clk 0:00:27]} 40. Nd7
{[%clk 0:00:19]} Bc7 {[%clk 0:00:18]} 41. Rc8 {[%clk 0:00:19]} Rc3
{[%clk 0:00:13]} 42. Rxc7 {[%clk 0:00:20]} Rxc4 {[%clk 0:00:15]} 43. Ne5
{[%clk 0:00:17]} Rc5 {[%clk 0:00:13]} 44. Nd3 {[%clk 0:00:16]} Rc3
{[%clk 0:00:13]} 45. Ne5 {[%clk 0:00:15]} Rc5 {[%clk 0:00:11]} 46. f4
{[%clk 0:00:16]} Kf6 {[%clk 0:00:09]} 47. Rxa7 {[%clk 0:00:17]} Kf5
{[%clk 0:00:07]} 48. c7 {[%clk 0:00:17]} f6 {[%clk 0:00:08]} 49. Nd7
{[%clk 0:00:13]} Rc6 {[%clk 0:00:09]} 50. Nb6 {[%clk 0:00:13]} Rc5
{[%clk 0:00:11]} 51. c8=R {[%clk 0:00:12]} Rxc8 {[%clk 0:00:11]} 52. Nxc8
{[%clk 0:00:13]} Kg4 {[%clk 0:00:12]} 53. Ra6 {[%clk 0:00:13]} f5
{[%clk 0:00:13]} 54. Nd6 {[%clk 0:00:13]} h5 {[%clk 0:00:11]} 55. Nc4
{[%clk 0:00:13]} g5 {[%clk 0:00:12]} 56. fxg5 {[%clk 0:00:14]} Kxg5
{[%clk 0:00:12]} 57. Ra5 {[%clk 0:00:15]} Kf6 {[%clk 0:00:13]} 58. Ne3
{[%clk 0:00:15]} Kg7 {[%clk 0:00:13]} 59. Rxf5 {[%clk 0:00:16]} Kh6
{[%clk 0:00:14]} 60. g4 {[%clk 0:00:16]} hxg4 {[%clk 0:00:14]} 61. Nxg4+
{[%clk 0:00:16]} Kg6 {[%clk 0:00:15]} 62. Ne3 {[%clk 0:00:17]} Kh6
{[%clk 0:00:15]} 63. Kg3 {[%clk 0:00:17]} Kg6 {[%clk 0:00:16]} 64. Kg4
{[%clk 0:00:18]} Kh6 {[%clk 0:00:17]} 65. Rg5 {[%clk 0:00:19]} Kh7
{[%clk 0:00:18]} 66. Kf5 {[%clk 0:00:20]} Kh6 {[%clk 0:00:19]} 67. Ng4+
{[%clk 0:00:20]} Kh7 {[%clk 0:00:20]} 68. Kf6 {[%clk 0:00:20]} Kh8
{[%clk 0:00:21]} 69. Kf7 {[%clk 0:00:21]} Kh7 {[%clk 0:00:20]} 70. Rh5#
{[%clk 0:00:22]} 1-0

[Event "d12b"]
[Site "?"]
[Date "2020.08.30"]
[Round "2.1"]
[White "Salamon, Julia"]
[Black "Szczotka, Klara"]
[Result "0-1"]
[BlackElo "1654"]
[WhiteElo "1156"]
[LiveChessVersion "1.4.8"]

1. d4 Nf6 2. c4 {[%clk 0:03:02]} e6 {[%clk 0:03:04]} 3. Nf3 {[%clk 0:03:02]} b6
{[%clk 0:03:02]} 4. Nc3 {[%clk 0:03:03]} Bb7 {[%clk 0:03:02]} 5. e3
{[%clk 0:03:04]} d5 {[%clk 0:03:01]} 6. Bd3 {[%clk 0:03:04]} a6 {[%clk 0:02:52]}
7. O-O {[%clk 0:03:04]} Bd6 {[%clk 0:02:53]} 8. Qe2 {[%clk 0:03:03]} Nbd7
{[%clk 0:02:52]} 9. Rd1 {[%clk 0:03:01]} O-O {[%clk 0:02:47]} 10. b3
{[%clk 0:03:01]} c5 {[%clk 0:02:39]} 11. Bb2 {[%clk 0:03:02]} Qc7
{[%clk 0:02:40]} 12. Rac1 {[%clk 0:03:03]} Rac8 {[%clk 0:02:41]} 13. h3
{[%clk 0:03:04]} Qb8 {[%clk 0:02:42]} 14. Rc2 {[%clk 0:02:44]} Ne4
{[%clk 0:02:26]} 15. cxd5 {[%clk 0:02:20]} exd5 {[%clk 0:02:22]} 16. Bxa6
{[%clk 0:02:21]} Bxa6 {[%clk 0:01:56]} 17. Qxa6 {[%clk 0:02:22]} Nxc3
{[%clk 0:01:56]} 18. Bxc3 {[%clk 0:02:18]} cxd4 {[%clk 0:01:47]} 19. exd4
{[%clk 0:02:12]} b5 {[%clk 0:01:42]} 20. a4 {[%clk 0:01:48]} b4 {[%clk 0:01:42]}
21. Bxb4 {[%clk 0:01:31]} Bxb4 {[%clk 0:01:37]} 22. Rdc1 {[%clk 0:01:20]} Rxc2
{[%clk 0:01:34]} 23. Rxc2 {[%clk 0:01:22]} Qb6 {[%clk 0:01:26]} 24. Qd3
{[%clk 0:01:20]} Bd6 {[%clk 0:01:23]} 25. Qf5 {[%clk 0:01:16]} Nf6
{[%clk 0:01:14]} 26. Qd3 {[%clk 0:01:06]} Rb8 {[%clk 0:01:13]} 27. Nd2
{[%clk 0:00:49]} h6 {[%clk 0:01:12]} 28. h4 {[%clk 0:00:47]} Bb4 {[%clk 0:01:06]}
29. Nf3 {[%clk 0:00:42]} Bd6 {[%clk 0:01:05]} 30. Nd2 {[%clk 0:00:43]} Bf4
{[%clk 0:00:54]} 31. Nf3 {[%clk 0:00:27]} Qxb3 {[%clk 0:00:47]} 32. Rc8+
{[%clk 0:00:28]} Rxc8 {[%clk 0:00:41]} 33. Qxb3 {[%clk 0:00:28]} Rc1+ 34. Ne1
{[%clk 0:00:27]} Rxe1# 0-1